|
|
|
|
| LEADER |
00000nam0a2200000 4500 |
| 001 |
248687 |
| 005 |
20231101232418.0 |
| 010 |
|
|
|a 5020026522
|
| 035 |
|
|
|a (RuTPU)RU\TPU\book\270552
|
| 090 |
|
|
|a 248687
|
| 100 |
|
|
|a 20140124d1988 km y0rusy50 ca
|
| 101 |
0 |
|
|a rus
|
| 102 |
|
|
|a RU
|
| 105 |
|
|
|a a z 001zy
|
| 200 |
1 |
|
|a Генезис гранитов и гранитогенная металлогения (системный подход)
|f И. Б. Недумов
|g Академия наук СССР (АН СССР), Институт минералогии, геохимии и кристаллохимии редких элементов (ИМГРЭ) ; под ред. В. В. Ляховича
|
| 210 |
|
|
|a Москва
|c Наука
|d 1988
|
| 215 |
|
|
|a 143 с.
|c ил.
|
| 320 |
|
|
|a Библиогр.: с. 132-142.
|
| 606 |
1 |
|
|a Граниты
|x Происхождение
|2 stltpush
|3 (RuTPU)RU\TPU\subj\8552
|9 35943
|
| 610 |
1 |
|
|a геология
|
| 610 |
1 |
|
|a литология
|
| 610 |
1 |
|
|a металлогения
|
| 610 |
1 |
|
|a металлогенические комплексы
|
| 610 |
1 |
|
|a магматизм
|
| 610 |
1 |
|
|a генезис
|
| 675 |
|
|
|a 552.321.1
|v 3
|
| 700 |
|
1 |
|a Недумов
|b И. Б.
|g Игорь Борисович
|
| 702 |
|
1 |
|a Ляхович
|b В. В.
|4 340
|
| 712 |
0 |
2 |
|a Академия наук СССР (АН СССР)
|b Институт минералогии, геохимии и кристаллохимии редких элементов (ИМГРЭ)
|c (Москва)
|2 stltpush
|3 (RuTPU)RU\TPU\col\10887
|
| 801 |
|
1 |
|a RU
|b 63413507
|c 20140124
|
| 801 |
|
2 |
|a RU
|b 63413507
|c 20140129
|g RCR
|
| 942 |
|
|
|c BK
|